Anagrammes de Fruits, Légumes et Aromates - Statistiques

Statistiques générales
  • Ce quiz a été pris 116 fois
  • Le résultat moyen est 25 sur 48
Statistiques - réponses
Anagrammes Fruits / Légumes / Herbes-Épices-Plantes % Correct
WIKI Kiwi
100%
FERAIS Fraise
97%
MUER Mure
94%
ORGANE Orange
93%
CRIEES Cerise
92%
EMOTTA Tomate
85%
EPATAT Patate
84%
PEINARD Epinard
82%
PROIE Poire
79%
LAI Ail
78%
SIAM Maïs
78%
PORTION Potiron
77%
BRICOLO Brocoli
75%
DIRAS Radis
75%
VOYAGE Goyave
71%
DEALAS Salade
71%
EGOSILLER Groseille
70%
VOILE Olive
68%
COTTERA Carotte
66%
MECHA Mache
64%
TLEMCENIEN Clémentine
61%
REPILS Persil
57%
AVENT Navet
56%
EMBELLIRA Mirabelle
55%
SAIN Anis
54%
DERANGE Grenade
54%
RIGOTTES Griottes
49%
PAQUETES Pastèque
49%
USAGE Sauge
49%
ÉLUAIT Laitue
48%
TALOCHEE Echalote
47%
DEVINE Endive
40%
CHARIOT Haricot
39%
HANTE Aneth
31%
TROIE Ortie
30%
MASSEE Sesame
28%
CIBLAIS Basilic
26%
IGNORA Origan
24%
PRESAGE Asperge
21%
GACHAIENT Châtaigne
21%
CAMION Manioc
21%
ROCARDIEN Coriandre
14%
GATERONS Estragon
14%
RELUIRA Laurier
13%
PETROLES Serpolet
10%
GAMINE Igname
8%
RESTERAIT Sarriette
6%
ECLAIRONS Salicorne
5%
Aucun quiz correspondant
Distribution des résultats
% des personnes avec chaque résultat
Percentile par nombre de réponses
Votre historique - résultats
Vous n’avez pas pris ce quiz